Ragul /
Na minha lista:
| Autor principal: | |
|---|---|
| Formato: | Desconhecido |
| Idioma: | Spanish |
| Publicado em: |
Panamá :
[editor no identificado],
1976.
|
| Assuntos: | |
| Tags: |
Adicionar Tag
Sem tags, seja o primeiro a adicionar uma tag!
|
MARC
| LEADER | 000000000a22000000004500 | ||
|---|---|---|---|
| 001 | 008219 | ||
| 041 | 0 | |a spa | |
| 082 | 0 | 4 | |a P861.44 |b P426r |
| 100 | 1 | |a Peralta, Bertalicia, |d 1940 | |
| 245 | 1 | 0 | |a Ragul / |c Bertalicia Peralta. |
| 260 | 1 | |a Panamá : |b [editor no identificado], |c 1976. | |
| 300 | |a 41 páginas : |b ilustraciones | ||
| 500 | |a Ilustrado por Bessy Reyna | ||
| 650 | 4 | |a LITERATURA PANAMEÑA | |
| 650 | 4 | |a POESIA | |
| 999 | |c 13813 |d 13813 | ||
| 942 | |c BK |h P861.44 P426r |2 z | ||
